• 首页
  • 本馆介绍
  • 公告通知
  • 最新文献
  • 馆藏检索
  • 电子资源
  • 读者导购
  • 参考咨询
  • 我的图书馆
  • 登录
  • 详细信息显示
  • 放入我的书架
  • 预约/预借图书
  • 作者相关作品
  • 分类相关作品
  • 丛书相关作品
  • 出版社相关作品

书目信息

  • 表格格式
  • 工作单格式
  • 卡片格式
题名:
文史资料选辑
    
 
作者: ;政协全国委员会文史资料研究委员会 编
分册: 第十辑  
出版信息: 北京   文史资料出版  1980
页数: 158页
开本: 20cm
丛书名:
单 册:
中图分类: K250.6 , K206
科图分类:
主题词: 文史资料--中国 , 文史资料 , 中国--通史
电子资源:
ISBN:
000 00793nam0 2200265 450
001 1533619932
005 20150201092051.90
010    @dCNY0.55
091    @a11018.923
100    @a20040630d1980 em y0chiy50 ea
101 0  @achi
102    @aCN@b110000
105    @ay z 000yd
200 1  @a文史资料选辑@9wen shi zi liao xuan ji@h第十辑@f中国人民政治协商会议全国委员会文史资料研究委员会编
210    @a北京@c文史资料出版@d1980
215    @a158页@d20cm
306    @a内部发行
606 0  @a文史资料@y中国
606 0  @a文史资料
606 0  @a中国@x通史
690    @aK250.6@v5
690    @aK206@v4
711 02 @a政协全国委员会文史资料研究委员会@9zheng xie quan guo wei yuan hui wen shi zi liao yan jiu wei yuan hui@4编
801  0 @aCN@bTSSF@c20150201
905    @aZUCC@dK206@eJY4:10
    
    文史资料选辑.第十辑/中国人民政治协商会议全国委员会文史资料研究委员会编.-北京:文史资料出版,1980
    158页;20cm
    
    
    ISBN :CNY0.55
    
●
相关链接 在E读中查询图书 在五车中查询图书 在当当中查询图书 在豆瓣中查询图书


正题名:文史资料选辑     索取号:K206/JY4:10         预约/预借

序号 登录号 条形码 馆藏地/架位号 状态 备注
1 7863961   278639617   学院路分馆/ [索取号:K206/JY4:10] 在馆    
唐山师范学院图书馆 欢迎您!
大连网信软件有限公司© 版权所有